Score 0/24 Timer 02:00
0 Plays Today
Hint Answer % Correct
Bruno _____Mars
99.2%
Elton _____John
96.7%
Mariah _____Carey
95%
_____ BieberJustin
93.7%
_____ 5Maroon
88.9%
_____ LovatoDemi
88.3%
Cyndi _____Lauper
87.7%
_____ SheeranEd
86.8%
Ariana _____Grande
86.5%
The Pussycat _____Dolls
84.1%
_____ DoubtNo
83.3%
_____ JacksonJanet
78.9%
Hint Answer % Correct
_____ FurtadoNelly
76.8%
_____ Rae JepsenCarly
76.7%
Billy _____Joel
75%
Meghan _____Trainor
73.1%
Jonas _____Brothers
70.2%
_____ MinogueKylie
69.8%
_____ Del ReyLana
65.7%
Ellie _____Goulding
58.2%
John _____Mayer
51.4%
Fifth _____Harmony
46.7%
_____ MendesShawn
44.6%
_____ HarrisCalvin
44.6%

Today's Daily Dose

Missing Word
Movies EA - EZ

Word Ladder
Bedtime!

You're not logged in!

Compare scores with friends on all Sporcle quizzes.
OR
Log In

Sporcle TV

Today on Sporcle TV


Watch our educational content, quiz creation guides, and fun videos on Sporcle TV.

Show Comments

Extras

Top Quizzes Today


Score Distribution

Paid Content

Your Account Isn't Verified!

In order to create a playlist on Sporcle, you need to verify the email address you used during registration. Go to your Sporcle Settings to finish the process.

Report this User

Report this user for behavior that violates our Community Guidelines.

Details: